01066npm a2200229 i 45000010005000000030009000050050017000140070014000310080041000450800016000861000037001022450147001392600065002863000048003514900079003995000075004788100063005538300063006168520022006799990015007019520120007165066ES-MaACL20250814001559.0hzrazu bucu890403r19891912sp b 00010 spa d a614(061.21)1 aBuisan Pellicer, Eduardo.93246310aEducacion higienica de la mujer y su influencia en el desarrolla fisico y moral de los hijos b: [Microforma] / cpor Eduardo Buisan Pellicer. aMadrid : bAteneo Cientifico, Literario y Artistico, c1989. a27 fotogramas en 1 microficha : bnegativo.1 aMemorias premiadas de la Sociedad Española de Higiene. Legado Roel ;v12 aPublicado originalmente: Madrid, Sociedad Española de Higiene, 1912.2 aSociedad Española de Higiene- kMemorias premiadas9672700aLegado Roel: Colección de memorias premiadasv129183286 aES-MaACLM jMCF-3 c5066d5066 00104070aATENEOMbATENEOMcDEPO1d2008-01-17eSCl0oMCF-3p1005129r2023-02-23 00:00:00w2023-02-23yMICROFORMA